Consumers’ Opinions on the Usefulness, Understandability, and Reliability of Product Claims on Natural Cosmetics Packaging
Obal a jeho integrálne prvky môžu byť jedným z nositeľov tvrdení o produktoch, ktoré často nabádajú spotrebiteľov k nákupu kozmetiky a mnohí sa na základe nich rozhodujú o nákupe. Existuje preto tendencia uvádzať na obaloch čoraz väčší počet tvrdení; tieto by podľa požiadaviek mali byť užitočné, zro...
Uložené v:
| Hlavný autor: | |
|---|---|
| Ďalší autori: | , |
| Médium: | Kapitola |
| Jazyk: | English |
| Predmet: | |
| Tagy: |
Žiadne tagy, Buďte prvý, kto otaguje tento záznam!
|
MARC
| LEADER | 00000naa$a2200000$$$4500 | ||
|---|---|---|---|
| 001 | 0302952 | ||
| 005 | 20251016133642.2 | ||
| 041 | 0 | |a eng | |
| 044 | |a PL | ||
| 245 | 1 | 0 | |a Consumers’ Opinions on the Usefulness, Understandability, and Reliability of Product Claims on Natural Cosmetics Packaging |c Natalia Kozik, Agnieszka Cholewa-Wójcik, Malgorzata Agnieszka Jarossová |
| 520 | |a Obal a jeho integrálne prvky môžu byť jedným z nositeľov tvrdení o produktoch, ktoré často nabádajú spotrebiteľov k nákupu kozmetiky a mnohí sa na základe nich rozhodujú o nákupe. Existuje preto tendencia uvádzať na obaloch čoraz väčší počet tvrdení; tieto by podľa požiadaviek mali byť užitočné, zrozumiteľné a spoľahlivé. Tento článok si kladie za cieľ zistiť dôležitosť informácií uvádzaných na obaloch pri nákupe prírodnej kozmetiky v porovnaní s inými obalovými prvkami a posúdiť užitočnosť, zrozumiteľnosť a spoľahlivosť vybraných skupín tvrdení o produktoch uvádzaných na obaloch prírodnej kozmetiky. | ||
| 610 | 2 | 0 | |a kozmetika |
| 610 | 2 | 0 | |a obaly |
| 610 | 2 | 0 | |a tovar drogeristický |
| 610 | 2 | 0 | |a spotrebitelia |
| 610 | 2 | 0 | |a informácie |
| 610 | 2 | 0 | |a príroda |
| 100 | 1 | |a Kozik, Natalia | |
| 700 | 1 | |a Cholewa-Wójcik, Agnieszka | |
| 700 | 1 | |a Jarossová, Malgorzata Agnieszka, 1978- | |